000
00271nam a22001217a 4500
008
170526b xxu||||| |||| 00| 0 eng d
041
_a
eng
080
_a
62
100
_a
27
101
_a
IM
245
_a
INTERNATIONAL CRITICAL TABLES
_c
WASHBURN.R.W
942
_2
udc
_c
BK
999
_c
14527
_d
14527